ذکر حیات / (Record no. 197392)

MARC details
000 -LEADER
fixed length control field 00595nam a22001937a 4500
005 - DATE AND TIME OF LATEST TRANSACTION
control field 20230822162907.0
010 ## - LCCN (DPL NO)
LC control number UR-12159
020 ## - INTERNATIONAL STANDARD BOOK NUMBER
International Standard Book Number 9789394616769
Terms of availability 250.00
035 ## - SYSTEM CONTROL NUMBER
System control number U-10714
037 ## - SOURCE OF ACQUISITION
Source of stock number/acquisition DBAD/PUB
082 ## - DEWEY DECIMAL CLASSIFICATION NUMBER
Classification number ک
100 ## - MAIN ENTRY--PERSONAL NAME
Dates associated with a name استھا نوی ، شکیل
245 ## - TITLE STATEMENT
Title ذکر حیات /
Statement of responsibility, etc شکیل استھا نوی
246 ## - VARYING FORM OF TITLE
Title proper/short title Zikre Hayat /
Remainder of title by Shakil Asthanwi
260 ## - PUBLICATION, DISTRIBUTION, ETC. (IMPRINT)
Place of publication, distribution, etc New Delhi
Name of publisher, distributor, etc Educational Publishing House
Date of publication, distribution, etc 2022 ء
270 ## - ADDRESS
Address H.O. D1/16, Ansari Road, Darya Ganj
City New Delhi
Postal code 110002
300 ## - PHYSICAL DESCRIPTION
Extent 188 ص
Dimensions 23cm(Hb)
942 ## - ADDED ENTRY ELEMENTS (KOHA)
Source of classification or shelving scheme Dewey Decimal Classification
Item type Urdu Bks
Call number suffix ا س ت
Edition
Classification part ک
Holdings
Withdrawn status Lost status Not for loan Collection code Home library Current library Date acquired Source of acquisition Cost, normal purchase price Full call number Barcode Copy number Cost, replacement price Koha item type
      Non-fiction Kadipur Kadipur 22/08/2023 DBAD/PUB 250.00 ک ا س ت U-10714 1 250.00 Urdu Bks

© Delhi Public Library
Hit Counter
free hit counter